An den Ufern des Sar /

Rosalía de Castro (1837-1885), escritora española nacida en Santiago de Compostela, tanto gallega como castellana. A la primera corresponden las piezas tomadas de Cantares gallegos (1863), que marcó el renacimiento de la literatura en lengua gallega, y Follas novas (1880); de la segunda vertiente se...

Szczegółowa specyfikacja

Zapisane w:
Opis bibliograficzny
1. autor: Castro, Rosalía de (autor)
Format: Książka
Język:German
Wydane: Frankfurt, Alemania : Insel, 1987, c1987
Hasła przedmiotowe:
Etykiety: Dodaj etykietę
Nie ma etykietki, Dołącz pierwszą etykiete!

MARC

LEADER 00000nam^a2200000^a^4500
001 000185220
005 20250521000000.0
009 20260310102144.327
020 |a 3-458-16164-3 
037 |a Acervo ITESO - Biblioteca 
041 |a ALE 
082 |a 861.  |b CAS 
100 |a Castro, Rosalía de  |e (autor) 
245 1 0 |a An den Ufern des Sar /  |c R. de Castro ; tr. por Fritz Vogelgsang. 
264 4 |a Frankfurt, Alemania :  |b Insel,  |c 1987, c1987 
300 |a 367 p. 
336 |a texto  |b txt  |2 rdacontenido 
337 |a sin mediación  |b n  |2 rdamedio 
338 |a volumen  |b nc  |2 rdasoporte 
500 |a Traducción de: En las orillas del Sar 
520 |a Rosalía de Castro (1837-1885), escritora española nacida en Santiago de Compostela, tanto gallega como castellana. A la primera corresponden las piezas tomadas de Cantares gallegos (1863), que marcó el renacimiento de la literatura en lengua gallega, y Follas novas (1880); de la segunda vertiente se recoge En las orillas del Sar (1884). Calificada como uno de los máximos exponentes de la poesía española decimonónica, De Castro también cultivó la narrativa, donde se inscriben La hija del mar (1859); Flavio (1861); El Cadiceño (1866); Ruinas (1866); El caballero de las botas azules (1867) y El primer loco (1881). 
546 |a Edición bilingüe español-alemán 
649 |a XX 
650 |a Poesía Española 
650 |a Literatura Española -  |y Siglo XIX 
650 |a Literatura de Mujeres 
650 |a Literatura en Gallego 
910 |a Fondo General 
920 |a Impresos - Libros 
930 |a Colección General 
940 |a Literatura 
905 |a 101 
901 |a 0500126318  |b IT1  |c LIT  |u 20250521 
902 |a https://opac.biblio.iteso.mx/vufind/Record/000185220